000 02719cam a2200337 a 4500
005 20180411120448.0
008 180411s2009 enk rb 001 0 eng d
020 _a9780859898423
035 _a(OCoLC)302317566
040 _aCO-BoUCM
_bspa
_cSandra Palacio
_dSandra Palacio
041 0 _aeng
060 1 0 _aWM 184
080 _a159.6
100 1 _aCrouthamel, Jason
_992048
245 1 4 _aThe Great War and German memory
_bsociety, politics, and psychological trauma, 1914-1945
_cJason Crouthamel
246 3 _aSociety, politics and psychological trauma, 1914-1945
260 _aExeter (Inglaterra)
_bUniversity of Exeter Press
_c2009
300 _ax, 278 páginas
505 0 _aHealing the nation's nerves : imperial Germany at home -- The war neurotics return home : psychologically disabled veterans and postwar society, 1918-1920 -- Neurosis and the welfare state : the rise and fall of the national pension law of 1920 -- The class struggle psychosis : working-class politics and psychological trauma -- National socialism and its discontents : war neurosis and memory under Hitler -- Nazi Germany's hidden psychopaths : case studies of mentally disabled veterans in the Third Reich.
520 _a"Under Weimar Germany and the Third Reich, the mentally disabled survivor of the trenches became a focus of debate between competing social and political groups, each attempting to construct their own versions of the national community and the memory of the war experience. Views on class, war, masculinity and social deviance were shaped and in some cases altered by the popularized debates involving these traumatizes members of society. Through the tortured words of these men and women, Jason Crouthamel reveals a current of protest against prevailing institutions and official memory -- and especially the Nazi celebration of war as the cornerstone of the 'healthy' male psyche -- that has remained hidden until now. He shows how these 'social outsiders' attempted to reform healthcare and reconstruct notions of 'comradeship' and 'manliness' in this highly militarized society"--Jacket.
611 0 _aGuerra Mundial I, 1914-1918
_983980
650 1 7 _aVeteranos
_zAlemania
_xPsicología
_992049
650 2 7 _aVeteranos
_xSalud mental
_zAlemania
_xHistoria
_ySiglo XX
_991930
650 2 7 _aWorld War, 1914-1918
_zAlemania
_xAspectos psicológicos
_992050
650 2 7 _aGuerra Mundial I, 1914-1918
_xAspectos sociales
_zAlemania
_916626
650 2 7 _aNeurosis de guerra
_zAlemania
_xHistoria
_ySiglo XX
_991927
650 2 7 _aMemoria colectiva
_zAlemania
_919279
651 0 _aAlemania
_xCondiciones sociales
_ySiglo XX
_992051
942 _2DEWEY
_cLIBRO
_a6
_e1
_h943
_mC952gw
999 _c309510
_d309510